| 000 | 01350cam a2200289 4500 | ||
|---|---|---|---|
| 002 | ##1254 | ||
| 008 | 090401t1995 xxu||||| |||| 00| 0 eng d | ||
| 020 | _a0854066926 | ||
| 035 | _a(Sirsi) u61941 | ||
| 041 | 0 | _aeng | |
| 050 | 0 | 4 | _a630.026 $2 18 |
| 090 | _a630.026 | ||
| 090 | _aRICS 1995/45ABCD | ||
| 110 | 2 |
_aRoyal Institution of Chartered Surveyors _bFarm Business Tenancy Working Party _94514 |
|
| 245 | 0 | 0 | _aGuidance note on the 1995 Agricultural Tenancies Act. |
| 260 |
_aLondon _bRICS _c1995 |
||
| 300 |
_a60p. _c30cm. |
||
| 350 | _a19.95 | ||
| 490 | 0 | _aRICS Guidance Note | |
| 520 | _aAims to interpret the Act and to prompt the consideration of other related matters. Explains the legal definition of a farm business tenancy and provides advice on the term and termination provisions, use of the hold, rental provisions, repari and insurance obligations, management of the holding, tenant fixtures, end of tenancy compensation and dispute resolution. | ||
| 520 | _aWithdrawn 1 August 2006. To be read in conjunction with "Agricultural Tenancies Act 1995: supplementary guidance note" (ISBN 0854069062). | ||
| 650 | 2 | 4 | _aAGRICULTURAL TENANCIES ACT 1995 |
| 651 | 4 |
_aEngland and Wales _y1543- |
|
| 690 | _aPROPERTY-LEASEHOLD PROPERTY-LANDLORD AND TENANT-TENANCIES-AGRICULTURAL TENANCIES | ||
| 942 | _n0 | ||
| 948 | _c04/03/1997 | ||
| 999 |
_c94362 _d94362 |
||